000 00266nam a22001217a 4500
008 180226b xxu||||| |||| 00| 0 eng d
041 _aeng
080 _a61
100 _a6
101 _aANA
245 _aThe anesthesia drugs handbook
_cOmoigui,S
942 _2udc
_cBK
999 _c43514
_d43514